000 00852am a2200325a 44500
003 AR-BaBNM
005 20251128211126.0
008 192120s1999 #AR|||||||||||000 | esp||
020 _a950-23-0966-9
040 _cAR-BaBNM
100 1 _aVaitsos, Constantino
245 1 0 _aCapitalismo moderno y desarrollo humano
250 _a1ยช ed.
260 _aBuenos Aires
_bEudeba
_c1999
_bPrograma de las Naciones Unidas para el Desarrollo
300 _a149 p.
650 4 _aREFORMA DEL ESTADO
650 4 _aTRABAJO SOCIAL
650 4 _aECONOMIA
650 4 _aPROGRAMAS SOCIALES
650 4 _aACCION SOCIAL
650 4 _aSOLIDARIDAD
650 4 _aPOLITICA SOCIAL
650 4 _aEMPLEO
650 4 _aDESARROLLO HUMANO
650 4 _aPOLITICA ECONOMICA
650 4 _aCAPITALISMO
653 _aMERCOSUR
942 _cBK
998 _cmariana
999 _c18341
_d18341